|
|
|
|
| LEADER |
01405nam a2200385Ia 4500 |
| 001 |
EBC556233 |
| 003 |
MiAaPQ |
| 005 |
20200520144314.0 |
| 006 |
m o d | |
| 007 |
cr cn||||||||| |
| 008 |
100507s2010 dcu sb 001 0 eng d |
| 010 |
|
|
|z 2010019409
|
| 020 |
|
|
|z 9780815704232 (hardcover : alk. paper)
|
| 035 |
|
|
|a (MiAaPQ)EBC556233
|
| 035 |
|
|
|a (Au-PeEL)EBL556233
|
| 035 |
|
|
|a (CaPaEBR)ebr10404270
|
| 035 |
|
|
|a (CaONFJC)MIL266286
|
| 035 |
|
|
|a (OCoLC)652654327
|
| 040 |
|
|
|a MiAaPQ
|c MiAaPQ
|d MiAaPQ
|
| 050 |
|
4 |
|a HC187
|b .R6438 2010
|
| 082 |
0 |
4 |
|a 330.981
|2 22
|
| 100 |
1 |
|
|a Roett, Riordan,
|d 1938-
|
| 245 |
1 |
4 |
|a The new Brazil
|h [electronic resource] /
|c Riordan Roett.
|
| 260 |
|
|
|a Washington, D.C. :
|b Brookings Institution Press,
|c 2010.
|
| 300 |
|
|
|a vii, 178 p.
|
| 504 |
|
|
|a Includes bibliographical references and index.
|
| 533 |
|
|
|a Electronic reproduction. Ann Arbor, MI : ProQuest, 2015. Available via World Wide Web. Access may be limited to ProQuest affiliated libraries.
|
| 650 |
|
0 |
|a Economic history.
|
| 651 |
|
0 |
|a Brazil
|x Economic conditions
|y 1985-
|
| 651 |
|
0 |
|a Brazil
|x Economic policy
|y 2003-
|
| 651 |
|
0 |
|a Brazil
|x Foreign economic relations.
|
| 651 |
|
0 |
|a Brazil
|x Foreign relations
|y 1985-
|
| 655 |
|
4 |
|a Electronic books.
|
| 710 |
2 |
|
|a ProQuest (Firm)
|
| 856 |
4 |
0 |
|u https://ebookcentral.proquest.com/lib/matrademy/detail.action?docID=556233
|z Click to View
|